000
00311nam a22001217a 4500
008
171127b xxu||||| |||| 00| 0 eng d
041
_a
ger
080
_a
7
100
_a
45
101
_a
ART
245
_a
GEMALDE, AQUARELLE, ZEICHNUNGEN, DRUCKGRAPHIK UND PLASTIK DES XX. JAHRHUNDERTS
_c
ALT.O
942
_2
udc
_c
BK
999
_c
38565
_d
38565